Current problems in indian education (Record no. 1969)

MARC details
000 -LEADER
fixed length control field 00535cam a2200193ua 4500
008 - FIXED-LENGTH DATA ELEMENTS--GENERAL INFORMATION
fixed length control field 110804n ii |||gr||||Z||||||eng
040 ## - CATALOGING SOURCE
Transcribing agency MAIN
082 ## - DEWEY DECIMAL CLASSIFICATION NUMBER
Classification number 370.54
100 ## - MAIN ENTRY--PERSONAL NAME
Personal name Mohanty, M. S.,
245 1# - TITLE STATEMENT
Title Current problems in indian education
Statement of responsibility, etc. by M. S. Mohanty
250 ## - EDITION STATEMENT
Edition statement 2nd.
260 ## - PUBLICATION, DISTRIBUTION, ETC.
Place of publication, distribution, etc. Orrissa:
Name of publisher, distributor, etc. Durga pustak bhandar,986.
300 ## - PHYSICAL DESCRIPTION
Extent 420p:
Dimensions 23cm.
700 ## - ADDED ENTRY--PERSONAL NAME
Personal name Mishra, Parshuram,
Relator term
942 ## - ADDED ENTRY ELEMENTS (KOHA)
Koha item type Books
100 ## - MAIN ENTRY--PERSONAL NAME
Fuller form of name (Madhusudah mohanty).
653 ## - INDEX TERM--UNCONTROLLED
Uncontrolled term Education
653 ## - INDEX TERM--UNCONTROLLED
Uncontrolled term Current problems in indian education
Holdings
Withdrawn status Lost status Damaged status Not for loan Home library Current library Shelving location Date acquired Total Checkouts Full call number Barcode Date last seen Copy number Price effective from Koha item type
        Naharkatiya College Library Naharkatiya College Library General Stacks 19/09/2020   370.54 | MOH 11340 19/09/2020 1 19/09/2020 Books

Naharkatiya College © 2020. All rights reserved.

Powered By